Space operations (Record no. 121182)
[ view plain ]
| 000 -LEADER | |
|---|---|
| fixed length control field | 02141nam a2200433 a 4500 |
| 245 10 - TITLE STATEMENT | |
| Title | Space operations |
| 260 ## - PUBLICATION, DISTRIBUTION, ETC. (IMPRINT) | |
| Place of publication | Reston, Va. : |
| Name of publisher | American Institute of Aeronautics and Astronautics, |
| Year of publication | c2007. |
| 300 ## - PHYSICAL DESCRIPTION | |
| Number of Pages | xxviii, 662 p. : |
| Other physical details | ill. (some col.), maps. |
| 490 1# - SERIES STATEMENT | |
| Series statement | Progress in astronautics and aeronautics ; |
| 500 ## - GENERAL NOTE | |
| General note | Papers presented during the ninth biennial SpaceOps Symposium in June 2006 in Rome. |
| 505 0# - FORMATTED CONTENTS NOTE | |
| Formatted contents note | Mission management -- Standards -- Ground systems -- Communications and tracking -- Automation -- Planning tools and advanced technologies -- Earth-orbiting missions -- Moon Mars, and beyond -- Operations expenses. |
| 650 #0 - SUBJECT ADDED ENTRY--TOPICAL TERM | |
| Topical Term | Astronautics |
| Topical Term | Space flight |
| Topical Term | Ground support systems (Astronautics) |
| Topical Term | Space vehicles |
| Topical Term | Aeronautics |
| 700 1# - ADDED ENTRY--PERSONAL NAME | |
| Personal name | Bruca, Loredana. |
| Personal name | Douglas, J. Paul. |
| Personal name | Sorensen, Trevor. |
| 856 40 - ELECTRONIC LOCATION AND ACCESS | |
| Uniform Resource Identifier | http://site.ebrary.com/lib/rucke/Doc?id=10516649 |
No items available.
